|
|
|
|
| LEADER |
00000cam a2200000Mu 4500 |
| 001 |
EBOOKCENTRAL_on1237400860 |
| 003 |
OCoLC |
| 005 |
20240329122006.0 |
| 006 |
m o d |
| 007 |
cr ||||||||||| |
| 008 |
210213s2021 inu o ||| 0 eng d |
| 040 |
|
|
|a EBLCP
|b eng
|c EBLCP
|d LOA
|d OCLCO
|d OCLCF
|d OCLCQ
|d OCLCO
|d OCLCL
|
| 020 |
|
|
|a 9781952812088
|
| 020 |
|
|
|a 1952812089
|
| 029 |
1 |
|
|a AU@
|b 000069684584
|
| 035 |
|
|
|a (OCoLC)1237400860
|
| 050 |
|
4 |
|a LB2805
|b .R448 2021
|
| 082 |
0 |
4 |
|a 371.2
|2 23
|
| 049 |
|
|
|a UAMI
|
| 100 |
1 |
|
|a Reeves, Douglas.
|
| 245 |
1 |
0 |
|a Deep Change Leadership
|h [electronic resource] :
|b A Model for Renewing and Strengthening Schools and Districts (a Resource for Effective School Leadership and Change Efforts).
|
| 260 |
|
|
|a Bloomington, Indiana :
|b Solution Tree,
|c 2021.
|
| 300 |
|
|
|a 1 online resource (168 p.)
|
| 500 |
|
|
|a Description based upon print version of record.
|
| 590 |
|
|
|a ProQuest Ebook Central
|b Ebook Central Academic Complete
|
| 650 |
|
0 |
|a Educational leadership
|z United States.
|
| 650 |
|
6 |
|a Leadership en éducation
|z États-Unis.
|
| 650 |
|
7 |
|a Educational leadership
|2 fast
|
| 651 |
|
7 |
|a United States
|2 fast
|1 https://id.oclc.org/worldcat/entity/E39PBJtxgQXMWqmjMjjwXRHgrq
|
| 758 |
|
|
|i has work:
|a Deep change leadership (Text)
|1 https://id.oclc.org/worldcat/entity/E39PCGG8q4djbytjRDQthgg3gq
|4 https://id.oclc.org/worldcat/ontology/hasWork
|
| 776 |
0 |
8 |
|i Print version:
|a Reeves, Douglas
|t Deep Change Leadership
|d Bloomington, Indiana : Solution Tree,c2021
|z 9781952812071
|
| 856 |
4 |
0 |
|u https://ebookcentral.uam.elogim.com/lib/uam-ebooks/detail.action?docID=6469457
|z Texto completo
|
| 938 |
|
|
|a ProQuest Ebook Central
|b EBLB
|n EBL6469457
|
| 994 |
|
|
|a 92
|b IZTAP
|